• 首页
  • 本馆介绍
  • 公告通知
  • 最新文献
  • 馆藏检索
  • 电子资源
  • 读者导购
  • 参考咨询
  • 我的图书馆
  • 登录
  • 详细信息显示
  • 放入我的书架
  • 预约/预借图书
  • 作者相关作品
  • 分类相关作品
  • 丛书相关作品
  • 出版社相关作品

书目信息

  • 表格格式
  • 工作单格式
  • 卡片格式
题名:
日光温室模式化栽培实操技能
    
 
作者: 王景华 , 双树林 , 于强 著
分册:  
出版信息: 北京   中国农业科学技术出版社  2014
页数: 263页
开本: 26cm
丛书名:
单 册:
中图分类: S625
科图分类:
主题词: 温室栽培--栽培技术 , 温室栽培
电子资源:
ISBN: 978-7-5116-1622-7
000 00958nam0 2200265 450
001 012015000555
005 20150914161936.76
010    @a978-7-5116-1622-7@dCNY50.00
100    @a20140828d2014 em y0chiy50 ea
101 0  @achi
102    @aCN@b110000
105    @aa z 000yy
106    @ar
200 1  @a日光温室模式化栽培实操技能@Ari guang wen shi mo shi hua zai pei shi cao ji neng@f王景华,双树林,于强著
210    @a北京@c中国农业科学技术出版社@d2014
215    @a263页@c图,照片@d26cm
330    @a本书从生产实际出发,介绍节能日光温室蔬菜生产技术规范、环境条件调控技术、土壤管理及施肥技术。具体包括寿光菜博会的启示、菜园里的那些事、番茄、茄子等。
606 0  @a温室栽培@x栽培技术
606 0  @a温室栽培
690    @aS625@v5
701  0 @a王景华@Awang jing hua@c(女,@f1968~)@4著
701  0 @a双树林@Ashuang shu lin@f(1963~)@4著
701  0 @a于强@Ayu qiang@c(农艺)@4著
801  0 @aCN@b碧洲教育@c20150718
905    @a10447@f4@dS625@e317
    
    日光温室模式化栽培实操技能/王景华,双树林,于强著.-北京:中国农业科学技术出版社,2014
    263页:图,照片;26cm
    
    
    ISBN 978-7-5116-1622-7:CNY50.00
    本书从生产实际出发,介绍节能日光温室蔬菜生产技术规范、环境条件调控技术、土壤管理及施肥技术。具体包括寿光菜博会的启示、菜园里的那些事、番茄、茄子等。
●
相关链接 在E读中查询图书 在五车中查询图书 在当当中查询图书 在豆瓣中查询图书


正题名:日光温室模式化栽培实操技能     索取号:S625/317         预约/预借

序号 登录号 条形码 馆藏地/架位号 状态 备注
1 0848927   208489278   第二样本阅览室/ [索取号:S625/317] 在馆    
2 0848928   208489287   第三借阅区/ [索取号:S625/317] 在馆    
3 0848929   208489296   第三借阅区/ [索取号:S625/317] 在馆    
4 0848930   208489303   密集书库-生命科学系/ [索取号:S625/317] 在馆    
唐山师范学院图书馆 欢迎您!
大连网信软件有限公司© 版权所有